[Event "Maikop University"]
[Site "Maikop"]
[Date "1998.06.02"]
[Round "2"]
[White "Ionov Sergey"]
[Black "Totsky Leonid"]
[Result "0-1"]
[WhiteElo "2530"]
[BlackElo "2490"]
[PlyCount "76"]
[EventDate "1998.06.01"]

1. d4 e6 2. Nf3 c5 3. e4 cxd4 4. Nxd4 a6 5. Nc3 Qc7 6. Be2 Nf6 7. O-O Nc6 8.
Be3 Bb4 9. Na4 O-O 10. Nxc6 bxc6 11. Nb6 Rb8 12. Nxc8 Rfxc8 13. Bxa6 Rf8 14.
Bd3 Bd6 15. f4 e5 16. f5 Rxb2 17. g4 Qa5 18. g5 Bc5 19. Bxc5 Qxc5+ 20. Kh1 Ne8
21. f6 g6 22. Qg4 Nc7 23. h4 Ne6 24. Rae1 Rxa2 25. h5 Qd4 26. hxg6 fxg6 27. Rd1
Nf4 28. c3 Qc5 29. Bb1 Ra7 30. Rxd7 Kh8 31. Rfd1 Nh5 32. Rxa7 Qxa7 33. Qg1 Qa5
34. Qe3 h6 35. gxh6 Rxf6 36. Rg1 Nf4 37. Qd2 Qc7 38. Ba2 g5 0-1

[Event "Maikop University"]
[Site "Maikop"]
[Date "1998.06.02"]
[Round "2"]
[White "Vokarev Sergey"]
[Black "Solozhenkin Evgeniy"]
[Result "1/2-1/2"]
[WhiteElo "2485"]
[BlackElo "2500"]
[PlyCount "121"]
[EventDate "1998.06.01"]

1. e4 Nf6 2. e5 Nd5 3. d4 d6 4. Nf3 g6 5. Bc4 Nb6 6. Bb3 Bg7 7. Ng5 e6 8. f4
dxe5 9. fxe5 c5 10. O-O O-O 11. c3 cxd4 12. cxd4 Nc6 13. Nf3 f6 14. exf6 Qxf6
15. Be3 Nd5 16. Bf2 Nf4 17. Nbd2 Qf5 18. Nc4 Nh3+ 19. gxh3 Qxf3 20. Qxf3 Rxf3
21. Rad1 Rxh3 22. Nd6 Na5 23. Ba4 Rh5 24. Nxc8 b5 25. Ne7+ Kf7 26. Nxg6 bxa4
27. Ne5+ Kg8 28. Rc1 Nb7 29. Rc6 Bxe5 30. dxe5 Rxe5 31. Re1 Rg5+ 32. Kh1 e5 33.
Bh4 Rg4 34. Bg3 Nd8 35. Ra6 Nf7 36. Bf2 Ng5 37. Rxa7 Rxa7 38. Bxa7 Nf3 39. Re2
Rc4 40. Kg2 Nh4+ 41. Kh3 Ng6 42. Kg3 Kf7 43. Kf3 Ke6 44. Kf2 Nf4 45. Rd2 Nd5
46. Ke2 Nb4 47. b3 axb3 48. axb3 Rc3 49. Rb2 Rh3 50. Kf1 h5 51. Bb6 Rf3+ 52.
Kg2 e4 53. Re2 Kf5 54. Rd2 Nd3 55. Kg1 Nf4 56. Bc7 e3 57. Bxf4 Kxf4 58. Rc2 h4
59. Kg2 Ke5 60. Rc5+ Kd6 61. Rc3 1/2-1/2

[Event "Maikop University"]
[Site "Maikop"]
[Date "1998.06.02"]
[Round "2"]
[White "Tunik Gennady"]
[Black "Fedorov Alexei"]
[Result "0-1"]
[WhiteElo "2470"]
[BlackElo "2595"]
[PlyCount "72"]
[EventDate "1998.06.01"]

1. d4 Nf6 2. c4 g6 3. Nc3 Bg7 4. e4 d6 5. Nf3 O-O 6. Be2 e5 7. O-O Nc6 8. d5
Ne7 9. Nd2 c5 10. dxc6 bxc6 11. b4 Nh5 12. Bxh5 gxh5 13. Qxh5 f5 14. Nf3 fxe4
15. Nxe4 Bf5 16. Nfd2 d5 17. cxd5 cxd5 18. Ng3 Bd3 19. Bb2 Bxf1 20. Rxf1 Qb6
21. Nf3 d4 22. a3 Rac8 23. Ne4 Qg6 24. Qxg6 Nxg6 25. Nc5 Rc6 26. Re1 a5 27. Bc1
axb4 28. axb4 Ra8 29. Bd2 Ra2 30. Ne4 Rcc2 31. g3 Ne7 32. Rb1 Nd5 33. Be1 Re2
34. Nc5 e4 35. Ng5 e3 36. Nge4 Nc3 0-1

[Event "Maikop University"]
[Site "Maikop"]
[Date "1998.06.02"]
[Round "2"]
[White "Galkin Alexander"]
[Black "Iljushin Alexei"]
[Result "1/2-1/2"]
[WhiteElo "2565"]
[BlackElo "2460"]
[PlyCount "58"]
[EventDate "1998.06.01"]

1. e4 c5 2. Nf3 e6 3. d4 cxd4 4. Nxd4 Nf6 5. Nc3 d6 6. Be2 Be7 7. f4 Nc6 8. Be3
O-O 9. O-O e5 10. Nb3 exf4 11. Bxf4 Be6 12. Kh1 d5 13. exd5 Nxd5 14. Nxd5 Bxd5
15. Bf3 Bxf3 16. Qxf3 Bg5 17. Rad1 Qf6 18. Bxg5 Qxg5 19. Nd4 Nxd4 20. Rxd4 Qb5
21. b3 Rae8 22. c4 Qb4 23. Rd7 Re7 24. a3 Qxa3 25. Rxb7 Rfe8 26. h3 Rxb7 27.
Qxb7 Qe7 28. Qd5 Rb8 29. Rf3 g6 1/2-1/2

[Event "Maikop University"]
[Site "Maikop"]
[Date "1998.06.02"]
[Round "2"]
[White "Dmitriev Igor"]
[Black "Korneev Oleg"]
[Result "1/2-1/2"]
[WhiteElo "2405"]
[BlackElo "2560"]
[PlyCount "34"]
[EventDate "1998.06.01"]

1. Nf3 d5 2. d3 Bg4 3. c4 dxc4 4. Ne5 Be6 5. Nxc4 Nc6 6. Bd2 Nf6 7. Nc3 Qd7 8.
e3 Bxc4 9. dxc4 O-O-O 10. Qe2 g6 11. O-O-O Bg7 12. g3 Qf5 13. h4 e6 14. Bh3 Qc5
15. Na4 Qe7 16. Bg2 Nb4 17. Kb1 c6 1/2-1/2

[Event "Maikop University"]
[Site "Maikop"]
[Date "1998.06.02"]
[Round "2"]
[White "Tregubov Pavel V"]
[Black "Rodin Mihail"]
[Result "1-0"]
[WhiteElo "2560"]
[BlackElo "2390"]
[PlyCount "105"]
[EventDate "1998.06.01"]

1. d4 d5 2. c4 c6 3. Nf3 Nf6 4. Qb3 dxc4 5. Qxc4 Bf5 6. g3 e6 7. Bg2 Qd5 8. Qa4
Bxb1 9. Rxb1 Nbd7 10. O-O Nb6 11. Qc2 Qxa2 12. Ne5 Bd6 13. Bf4 Bxe5 14. Bxe5
O-O 15. Rfc1 Qa4 16. b3 Qb4 17. Qc5 Qxc5 18. dxc5 Nbd7 19. Bd6 Rfc8 20. b4 a6
21. e4 Ne8 22. e5 Nc7 23. f4 Nb5 24. Ra1 Nf8 25. Kf2 Rd8 26. Bf1 Na7 27. Rd1
Ng6 28. Kf3 Rd7 29. g4 Rad8 30. Be2 Nc8 31. Ke4 Nge7 32. Bc4 Nd5 33. f5 Re8 34.
fxe6 fxe6 35. Rf1 h6 36. Rf3 Nxb4 37. Raf1 Nxd6+ 38. exd6 Nd5 39. Ke5 b5 40.
cxb6 Nxb6 41. Bxe6+ Kh7 42. Rc3 Rb7 43. Re1 c5 44. Rxc5 Nd7+ 45. Kd4 Rb4+ 46.
Rc4 Rxc4+ 47. Kxc4 g6 48. Kd4 Kg7 49. Re4 Nf8 50. Kd5 Rd8 51. Rf4 a5 52. Rf7+
Kg8 53. Ra7+ 1-0

[Event "Maikop University"]
[Site "Maikop"]
[Date "1998.06.02"]
[Round "2"]
[White "Lobach Pavel V"]
[Black "Poluljahov Aleksandr"]
[Result "0-1"]
[WhiteElo "2395"]
[BlackElo "2505"]
[PlyCount "60"]
[EventDate "1998.06.01"]

1. d4 d6 2. c4 e5 3. dxe5 dxe5 4. Qxd8+ Kxd8 5. Nc3 Be6 6. e3 Nd7 7. Nf3 f6 8.
Be2 c6 9. O-O Ne7 10. Bd2 Nc8 11. Rfd1 Ncb6 12. b3 a5 13. Ne1 Kc7 14. Nd3 Be7
15. Rac1 Nc5 16. Nxc5 Bxc5 17. a4 Nd7 18. g4 h5 19. gxh5 Bf7 20. Ne4 Bxh5 21.
Bxh5 Rxh5 22. Kg2 b6 23. Ng3 Rh7 24. f4 Rah8 25. Rh1 Bb4 26. Bxb4 axb4 27. Ne4
Rh3 28. Ng3 e4 29. Rb1 Nc5 30. Nf1 Rf3 0-1

[Event "Maikop University"]
[Site "Maikop"]
[Date "1998.06.02"]
[Round "2"]
[White "Zakharevich Igor"]
[Black "Shipov Sergei"]
[Result "1/2-1/2"]
[WhiteElo "2530"]
[BlackElo "2620"]
[PlyCount "40"]
[EventDate "1998.06.01"]

1. d4 Nf6 2. c4 g6 3. Nc3 d5 4. Bg5 Bg7 5. Nf3 Ne4 6. Bf4 Nxc3 7. bxc3 c5 8. e3
O-O 9. cxd5 cxd4 10. cxd4 Qxd5 11. Be2 Qa5+ 12. Qd2 Nc6 13. Rb1 b6 14. Bb5 Bb7
15. Ke2 Qxd2+ 16. Kxd2 Na5 17. Ke2 Rfc8 18. Rhc1 Bd5 19. a4 e6 20. Ba6 Bb7
1/2-1/2

[Event "Maikop University"]
[Site "Maikop"]
[Date "1998.06.02"]
[Round "2"]
[White "Kobalija Mihail"]
[Black "Dokutchaev A"]
[Result "0-1"]
[WhiteElo "2500"]
[BlackElo "2425"]
[PlyCount "71"]
[EventDate "1998.06.01"]

1. d4 e6 2. Nf3 d5 3. c4 dxc4 4. Qa4+ Nc6 5. Qxc4 Nf6 6. g3 Qd5 7. Qd3 Nb4 8.
Qd1 Qe4 9. Na3 Bd7 10. Bg2 Bc6 11. O-O h6 12. Bf4 Nbd5 13. Bd2 Bxa3 14. bxa3
O-O 15. e3 Rfd8 16. Qb3 Nd7 17. Rfe1 Qh7 18. Rac1 N5b6 19. Bb4 Bd5 20. Qb2 a5
21. Bd2 Nc4 22. Qc3 Ndb6 23. e4 Bc6 24. Bf4 Nd6 25. Bxd6 cxd6 26. Qb3 Nd7 27.
d5 a4 28. Qd1 exd5 29. exd5 Bb5 30. Rc7 Nc5 31. Nd4 Bd7 32. Qh5 Re8 33. Ne6
fxe6 34. dxe6 Bc6 35. Bh3 Kh8 36. f4 0-1

[Event "Maikop University"]
[Site "Maikop"]
[Date "1998.06.02"]
[Round "2"]
[White "Shabanov Yuri"]
[Black "Notkin Maksim"]
[Result "1/2-1/2"]
[WhiteElo "2495"]
[BlackElo "2505"]
[PlyCount "80"]
[EventDate "1998.06.01"]

1. e4 e5 2. Nf3 Nc6 3. Nc3 Nf6 4. Bb5 Bb4 5. O-O O-O 6. d3 d6 7. Bg5 Bxc3 8.
bxc3 Qe7 9. Re1 Nd8 10. d4 Ne6 11. Bc1 c6 12. Bf1 Qc7 13. g3 Re8 14. Rb1 Nf8
15. Bg5 N8d7 16. dxe5 dxe5 17. Nh4 h6 18. Bd2 Nc5 19. f3 Be6 20. a3 Rad8 21.
Qc1 b6 22. Re2 Rd7 23. Rg2 Qd8 24. Be3 Na4 25. Qe1 Nh7 26. Rd2 Rxd2 27. Bxd2
Qd6 28. Be3 Rd8 29. c4 Nf6 30. Qb4 Qxb4 31. axb4 Nc3 32. Ra1 Rd1 33. Rxd1 Nxd1
34. Bd2 Nb2 35. Nf5 Kf8 36. Bc3 Nxc4 37. Bxc4 Bxc4 38. Bxe5 Ne8 39. Nd6 Nxd6
40. Bxd6+ Ke8 1/2-1/2

[Event "Maikop University"]
[Site "Maikop"]
[Date "1998.06.02"]
[Round "2"]
[White "Vorobiov Evgeny E"]
[Black "Zarubin Pavel"]
[Result "1-0"]
[WhiteElo "2475"]
[BlackElo "2445"]
[PlyCount "75"]
[EventDate "1998.06.01"]

1. e4 e6 2. d4 d5 3. Nd2 Nf6 4. e5 Nfd7 5. c3 c5 6. Bd3 Nc6 7. Ngf3 Be7 8. O-O
Qc7 9. Re1 g5 10. dxc5 g4 11. Nd4 Ncxe5 12. Bb5 Bxc5 13. N2b3 Bd6 14. Bg5 Rg8
15. Bh4 a6 16. Bf1 Nb6 17. Nd2 Bd7 18. Rc1 Nec4 19. Nxc4 dxc4 20. g3 Kf8 21.
Bg2 Rg6 22. Qd2 Re8 23. Rcd1 e5 24. Be4 exd4 25. Bxg6 Rxe1+ 26. Rxe1 fxg6 27.
Qxd4 Kg8 28. Be7 Nc8 29. Bxd6 Qxd6 30. Qxd6 Nxd6 31. Rd1 Kf7 32. Rxd6 Ke7 33.
Rd4 b5 34. Kf1 h5 35. Ke2 Bc6 36. Ke3 Bg2 37. a4 Bf1 38. a5 1-0

[Event "Maikop University"]
[Site "Maikop"]
[Date "1998.06.02"]
[Round "2"]
[White "Petrushin Alexander I"]
[Black "Vlassov Nikolai"]
[Result "0-1"]
[WhiteElo "2425"]
[BlackElo "2440"]
[PlyCount "82"]
[EventDate "1998.06.01"]

1. e4 d5 2. exd5 Nf6 3. Bb5+ Bd7 4. Be2 Nxd5 5. d4 Bf5 6. Nf3 e6 7. O-O Be7 8.
a4 O-O 9. c4 Nb6 10. Nc3 Bf6 11. h3 Nc6 12. Be3 Qd7 13. b4 Rfd8 14. Ra2 Nxd4
15. Bxd4 Bxd4 16. Rd2 e5 17. Nb5 Be6 18. Nbxd4 exd4 19. Rxd4 Qe7 20. Qb3 Bxh3
21. gxh3 Qxe2 22. Re1 Qxe1+ 23. Nxe1 Rxd4 24. c5 Nc4 25. Nc2 Rd1+ 26. Kg2 Ne5
27. Qe3 Ng6 28. Qe4 c6 29. Ne3 Rdd8 30. Nf5 Re8 31. Qd4 Re5 32. Nd6 Rd5 33. Qg4
Rd8 34. Nxb7 Re8 35. b5 h5 36. Qc4 cxb5 37. Qxb5 Re1 38. Nd6 Nf4+ 39. Kg3 g5
40. Qb8+ Kg7 41. Qb2+ Kg6 0-1

[Event "Maikop University"]
[Site "Maikop"]
[Date "1998.06.02"]
[Round "2"]
[White "Gagarin Vasilij"]
[Black "Bratchenko Alexander"]
[Result "1-0"]
[WhiteElo "2415"]
[BlackElo "2355"]
[PlyCount "73"]
[EventDate "1998.06.01"]

1. d4 Nf6 2. Nf3 g6 3. c4 Bg7 4. Nc3 c5 5. e4 O-O 6. Be2 d6 7. O-O Nc6 8. d5
Na5 9. Bd2 e5 10. a3 b6 11. b4 Nb7 12. Ne1 Qe7 13. Nd3 Ne8 14. bxc5 dxc5 15.
Nc1 Ned6 16. Nb3 f5 17. f3 Bd7 18. a4 a5 19. Rb1 Nc8 20. Na1 Nbd6 21. Nc2 Ne8
22. Na3 Nc7 23. Be3 Na6 24. d6 Qf7 25. Nab5 Nb4 26. f4 Bh6 27. Qd2 exf4 28.
Bxf4 Bxf4 29. Qxf4 Na7 30. Nc7 Rad8 31. e5 Nac6 32. Bf3 Nd4 33. N3d5 Rb8 34.
Kh1 Kh8 35. Nf6 Bxa4 36. Nfd5 Bd7 37. Rfd1 1-0

[Event "Maikop University"]
[Site "Maikop"]
[Date "1998.06.02"]
[Round "2"]
[White "Savchenko Stanislav"]
[Black "Iskusnyh Sergei"]
[Result "1-0"]
[WhiteElo "2595"]
[BlackElo "2455"]
[PlyCount "53"]
[EventDate "1998.06.01"]

1. d4 d5 2. c4 c6 3. Nf3 Nf6 4. Nc3 e6 5. Bg5 h6 6. Bh4 dxc4 7. e4 g5 8. Bg3 b5
9. Be2 b4 10. Na4 Nxe4 11. Be5 Nf6 12. Bxc4 Nbd7 13. O-O g4 14. Nd2 Nxe5 15.
dxe5 Nd7 16. Re1 h5 17. f4 Nb6 18. Nxb6 Qxb6+ 19. Kh1 Be7 20. Ne4 Bb7 21. f5 c5
22. fxe6 fxe6 23. Nf6+ Bxf6 24. exf6 Rd8 25. Qc2 Bd5 26. Bxd5 Rxd5 27. Qg6+ 1-0

[Event "Maikop University"]
[Site "Maikop"]
[Date "1998.06.02"]
[Round "2"]
[White "Lopushnoy Denis"]
[Black "Filippov Valerij"]
[Result "1/2-1/2"]
[WhiteElo "2390"]
[BlackElo "2595"]
[PlyCount "36"]
[EventDate "1998.06.01"]

1. Nf3 c5 2. g3 Nc6 3. c4 g6 4. Nc3 Bg7 5. Bg2 Nh6 6. h4 e6 7. d3 Nf5 8. h5 d6
9. Bd2 O-O 10. Qc1 Ncd4 11. Nh2 Rb8 12. Ng4 b5 13. e3 bxc4 14. exd4 cxd4 15.
Ne4 d5 16. Bg5 Qa5+ 17. Bd2 Qd8 18. Bg5 Qa5+ 1/2-1/2

[Event "Maikop University"]
[Site "Maikop"]
[Date "1998.06.02"]
[Round "2"]
[White "Pigusov Evgeny"]
[Black "Zaitsev Vadim"]
[Result "1/2-1/2"]
[WhiteElo "2575"]
[BlackElo "2425"]
[PlyCount "130"]
[EventDate "1998.06.01"]

1. Nf3 Nf6 2. c4 g6 3. g3 Bg7 4. Bg2 O-O 5. d4 d6 6. O-O Nbd7 7. Nc3 e5 8. h3
Re8 9. e4 exd4 10. Nxd4 Nc5 11. Re1 c6 12. b3 a5 13. Rb1 a4 14. Bf4 axb3 15.
axb3 h6 16. Qc2 Nh7 17. Be3 Ng5 18. h4 Nge6 19. Nde2 Kh7 20. Red1 Qe7 21. b4
Nd7 22. Na4 Rb8 23. Ba7 Ra8 24. Be3 Rb8 25. b5 c5 26. Rb3 Ne5 27. Bc1 Nd4 28.
Nxd4 cxd4 29. Rxd4 Nc6 30. Rd2 Nd4 31. Rxd4 Bxd4 32. Rd3 Bg7 33. Ba3 Rd8 34.
Qd2 Qc7 35. Rxd6 Be6 36. b6 Qc8 37. Rxd8 Qxd8 38. Qxd8 Rxd8 39. Nc5 Bxc4 40.
Nxb7 Rd1+ 41. Kh2 Be5 42. Bc5 Ba6 43. Na5 Ra1 44. Nc6 Rc1 45. Nxe5 Rxc5 46.
Nxf7 Rb5 47. e5 Rxb6 48. Nd6 Kg7 49. Be4 h5 50. Kg2 Bb5 51. Kf3 Bc6 52. Bxc6
Rxc6 53. Kf4 Ra6 54. f3 Ra4+ 55. Ne4 Kf7 56. Kg5 Ra5 57. f4 Kg7 58. Nf6 Ra3 59.
g4 hxg4 60. Kxg4 Ra1 61. h5 Rg1+ 62. Kf3 gxh5 63. Nxh5+ Kf7 64. Ke4 Kg6 65. Nf6
Re1+ 1/2-1/2

[Event "Maikop University"]
[Site "Maikop"]
[Date "1998.06.02"]
[Round "2"]
[White "Nevostrujev Vladimir"]
[Black "Prokopchuk Evgeny"]
[Result "0-1"]
[WhiteElo "2410"]
[BlackElo "2500"]
[PlyCount "90"]
[EventDate "1998.06.01"]

1. e4 c5 2. Nc3 e6 3. Nf3 a6 4. d4 cxd4 5. Nxd4 Qc7 6. g3 Nf6 7. Bg2 d6 8. O-O
Be7 9. Be3 Nc6 10. a4 Bd7 11. f4 O-O 12. Qe2 Rfe8 13. Kh1 Rac8 14. Bg1 Bf8 15.
Nxc6 Bxc6 16. a5 Nd7 17. Qc4 Qb8 18. Qa2 Be7 19. Rad1 Nf6 20. Rd2 Rcd8 21. Bb6
Rc8 22. Rfd1 Nd7 23. Bg1 Qc7 24. Rd4 h6 25. R1d2 Nf6 26. Rc4 Qb8 27. Rcd4 Qc7
28. R4d3 Nd7 29. b4 Qb8 30. Qb3 b5 31. axb6 Nxb6 32. f5 exf5 33. Rf2 Nd7 34.
Rxf5 Ne5 35. Bd4 Bd7 36. Rdf3 Be6 37. Nd5 Nxf3 38. Bxf3 Bxf5 39. exf5 Qb5 40.
Kg2 Bd8 41. c3 Re1 42. Ne3 Bg5 43. Bh5 Rc7 44. c4 Rxe3 45. Bxe3 Qxc4 0-1

[Event "Maikop University"]
[Site "Maikop"]
[Date "1998.06.02"]
[Round "2"]
[White "Eismont Oleg"]
[Black "Gutov Andrey"]
[Result "0-1"]
[WhiteElo "2470"]
[BlackElo "2250"]
[PlyCount "98"]
[EventDate "1998.06.01"]

1. e4 c6 2. d4 d5 3. Nc3 dxe4 4. Nxe4 Nd7 5. Ng5 Ngf6 6. Bd3 e6 7. N1f3 Bd6 8.
Qe2 h6 9. Ne4 Nxe4 10. Qxe4 Qc7 11. Qg4 Kf8 12. O-O c5 13. Qh4 b6 14. Be4 Rb8
15. Bg5 cxd4 16. Nxd4 Ba6 17. Rfd1 Nc5 18. Bf3 Bxh2+ 19. Kh1 Bd6 20. Nc6 Re8
21. Bd8 Qd7 22. Qd4 Nb7 23. Be7+ Rxe7 24. Nxe7 Kxe7 25. Qxg7 Rf8 26. Rd2 Qb5
27. g3 Qe5 28. Qg4 Qxb2 29. Rad1 Qf6 30. Kg1 Rd8 31. Be2 h5 32. Qxh5 Bxe2 33.
Qxe2 Rh8 34. Qe4 Nc5 35. Qc6 Be5 36. a4 Qh6 37. Qg2 Qh3 38. Qxh3 Rxh3 39. a5
bxa5 40. Rb1 Bc7 41. Rb5 Bb6 42. Rd4 Rh8 43. Kg2 Rc8 44. Rc4 Rc7 45. Kf3 Na6
46. Rxc7+ Nxc7 47. Rb2 Kd6 48. Ke2 Nd5 49. f3 Bd4 0-1

[Event "Maikop University"]
[Site "Maikop"]
[Date "1998.06.02"]
[Round "2"]
[White "Arkhipov Sergey"]
[Black "Drozdov Igor"]
[Result "0-1"]
[WhiteElo "2355"]
[BlackElo "2440"]
[PlyCount "97"]
[EventDate "1998.06.01"]

1. d4 Nf6 2. c4 g6 3. Nc3 Bg7 4. e4 d6 5. Nf3 O-O 6. Be2 e5 7. O-O Na6 8. Rb1
c6 9. b4 exd4 10. Nxd4 Nxb4 11. Rxb4 c5 12. Rb3 cxd4 13. Qxd4 Re8 14. Qd3 Be6
15. Be3 Rc8 16. Nd5 Bxd5 17. cxd5 b6 18. Rb4 Qe7 19. f3 Nd7 20. Qb1 Nc5 21. Bf2
Qg5 22. Bb5 Rf8 23. a4 Be5 24. g3 h5 25. h4 Qe7 26. Kg2 f5 27. exf5 gxf5 28.
Rc4 Qf7 29. Qd1 a6 30. Rxc5 bxc5 31. Bxa6 Ra8 32. Bb5 f4 33. Qd3 Kh8 34. Re1
Qg7 35. Qe4 Bd4 36. Qe7 Bxf2 37. Qxg7+ Kxg7 38. Kxf2 fxg3+ 39. Kxg3 Rf5 40.
Re7+ Rf7 41. Re4 Raa7 42. Re8 Rae7 43. Rd8 Re3 44. Rxd6 Rexf3+ 45. Kg2 Rf2+ 46.
Kg1 Rd2 47. Rd8 c4 48. Rc8 Rxd5 49. Rxc4 0-1

[Event "Maikop University"]
[Site "Maikop"]
[Date "1998.06.02"]
[Round "2"]
[White "Fominyh Alexander"]
[Black "Balashov Yuri S"]
[Result "1-0"]
[WhiteElo "2530"]
[BlackElo "2555"]
[PlyCount "119"]
[EventDate "1998.06.01"]

1. Nf3 Nf6 2. c4 e6 3. g3 b6 4. Bg2 Bb7 5. O-O Be7 6. Nc3 O-O 7. Re1 d5 8. cxd5
exd5 9. d4 Na6 10. Bf4 c5 11. Rc1 Re8 12. dxc5 Bxc5 13. e3 Ne4 14. Be5 Bf8 15.
a3 f6 16. Bd4 Nac5 17. b4 Ne6 18. Qb3 Qd7 19. Red1 Qf7 20. Nb5 a6 21. Nc3 b5
22. Bb6 Rac8 23. Nd4 Nxc3 24. Rxc3 Rxc3 25. Qxc3 Rc8 26. Qd3 Ng5 27. f3 Qd7 28.
Nb3 Nf7 29. f4 Qg4 30. Bc5 h5 31. Bxf8 Rxf8 32. Nc5 Ba8 33. Rf1 h4 34. Qd1 Qxd1
35. Rxd1 hxg3 36. hxg3 Re8 37. Kf2 Nh6 38. Bh3 Bc6 39. Rc1 d4 40. exd4 Bd5 41.
Re1 Ra8 42. Bd7 a5 43. Re8+ Rxe8 44. Bxe8 axb4 45. axb4 Nf5 46. Bxb5 Nxd4 47.
Bd3 Kf7 48. Ke3 Ne6 49. Nxe6 Kxe6 50. Kd4 Kd6 51. b5 Bf3 52. Kc4 g5 53. f5 Bb7
54. Kd4 Bf3 55. Be4 Be2 56. b6 g4 57. b7 Kc7 58. Kc5 Bf3 59. Bd5 Bd1 60. b8=Q+
1-0

[Event "Maikop University"]
[Site "Maikop"]
[Date "1998.06.02"]
[Round "2"]
[White "Kiriakov Petr"]
[Black "Makarov Marat"]
[Result "1/2-1/2"]
[WhiteElo "2495"]
[BlackElo "2540"]
[PlyCount "33"]
[EventDate "1998.06.01"]

1. d4 d5 2. c4 dxc4 3. e3 e6 4. Bxc4 c5 5. Nf3 a6 6. O-O Nf6 7. Qe2 b5 8. Bb3
Bb7 9. a4 b4 10. Nbd2 Be7 11. Nc4 Nbd7 12. Rd1 Qc7 13. Bd2 O-O 14. Rac1 a5 15.
Nfe5 Rfd8 16. Be1 Nxe5 17. Nxe5 1/2-1/2

[Event "Maikop University"]
[Site "Maikop"]
[Date "1998.06.02"]
[Round "2"]
[White "Sherbakov Ruslan"]
[Black "Kupreichik Viktor D"]
[Result "1/2-1/2"]
[WhiteElo "2555"]
[BlackElo "2505"]
[PlyCount "52"]
[EventDate "1998.06.01"]

1. d4 d5 2. c4 c6 3. e3 Nf6 4. Nc3 a6 5. Bd3 dxc4 6. Bxc4 e6 7. Nf3 c5 8. Bb3
cxd4 9. exd4 Be7 10. O-O O-O 11. d5 exd5 12. Nxd5 Nxd5 13. Qxd5 Nc6 14. Bg5 h6
15. Bxe7 Qxe7 16. Nd4 Nxd4 17. Qxd4 Re8 18. Qb6 Qd8 19. Qxd8 Rxd8 20. Rac1 b5
21. Rc7 Bd7 22. h3 a5 23. Rd1 Be8 24. Re1 Rac8 25. Ra7 Ra8 26. Rc7 Rac8 1/2-1/2

[Event "Maikop University"]
[Site "Maikop"]
[Date "1998.06.02"]
[Round "2"]
[White "Belozerov Andrei"]
[Black "Shovunov Baatr"]
[Result "1/2-1/2"]
[WhiteElo "2460"]
[BlackElo "2475"]
[PlyCount "67"]
[EventDate "1998.06.01"]

1. Nf3 d5 2. c4 c6 3. d4 Nf6 4. Nc3 a6 5. c5 Bf5 6. Qb3 Qc8 7. Bf4 h6 8. e3 e6
9. O-O-O Nbd7 10. Bd3 Bxd3 11. Rxd3 Ne4 12. Qc2 Be7 13. Ne5 Nxe5 14. Bxe5 Nxc3
15. Rxc3 Bf6 16. Bxf6 gxf6 17. e4 Qd7 18. Rf3 dxe4 19. Qxe4 O-O-O 20. Rxf6 Qxd4
21. Qxd4 Rxd4 22. Rxf7 Rc4+ 23. Kb1 Rxc5 24. Rd1 Rd5 25. Rxd5 exd5 26. g4 Re8
27. h4 Re4 28. f3 Re2 29. g5 hxg5 30. hxg5 Rg2 31. Rg7 d4 32. g6 d3 33. Kc1 c5
34. f4 1/2-1/2

[Event "Maikop University"]
[Site "Maikop"]
[Date "1998.06.02"]
[Round "2"]
[White "Kozak Alexander"]
[Black "Nikitin Andrey"]
[Result "0-1"]
[WhiteElo "2365"]
[BlackElo "2410"]
[PlyCount "84"]
[EventDate "1998.06.01"]

1. e4 e6 2. d4 d5 3. e5 c5 4. c3 Nc6 5. Nf3 Bd7 6. a3 Nge7 7. Bd3 cxd4 8. cxd4
Nf5 9. Bxf5 exf5 10. Nc3 Be6 11. h4 h6 12. Ne2 Qb6 13. b3 Rc8 14. h5 Be7 15.
Rh3 Na5 16. Bd2 O-O 17. Rg3 Kh7 18. Nf4 Rc6 19. Nxe6 fxe6 20. Rg6 Rfc8 21. b4
Nc4 22. Bxh6 gxh6 23. Qc1 Bf8 24. Qf4 Nxa3 25. Kf1 Qc7 26. Rxa3 Rc1+ 27. Ke2
Qc2+ 28. Nd2 Qd1+ 29. Kd3 Qxh5 30. Rxe6 Bxb4 31. g4 fxg4 32. Rxa7 R8c3+ 33. Ke2
g3+ 34. Nf3 R1c2+ 35. Kd1 Qh1+ 36. Ne1 Rc1+ 37. Qxc1 Rxc1+ 38. Kxc1 Qxe1+ 39.
Kc2 Qc3+ 40. Kb1 Qb3+ 41. Kc1 Ba3+ 42. Kd2 g2 0-1

[Event "Maikop University"]
[Site "Maikop"]
[Date "1998.06.03"]
[Round "3"]
[White "Balashov Yuri S"]
[Black "Lopushnoy Denis"]
[Result "1-0"]
[WhiteElo "2555"]
[BlackElo "2390"]
[PlyCount "79"]
[EventDate "1998.06.01"]

1. e4 c5 2. Nf3 Nc6 3. d4 cxd4 4. Nxd4 Nf6 5. Nc3 d6 6. Bc4 Qb6 7. Nb3 e6 8.
Bf4 Ne5 9. Be2 Bd7 10. Qd2 Be7 11. f3 O-O 12. g4 Bc6 13. Be3 Qc7 14. g5 Nfd7
15. f4 Ng6 16. h4 Rfd8 17. h5 Ngf8 18. Nd4 Nc5 19. Bf3 b5 20. Qg2 b4 21. Ncb5
Bxb5 22. Nxb5 Qd7 23. Nd4 e5 24. Nf5 exf4 25. Bxf4 Rab8 26. Rd1 Qc7 27. O-O
Nfe6 28. Be3 Bf8 29. g6 fxg6 30. hxg6 h6 31. Be2 Re8 32. Bc4 Kh8 33. Kh1 Nd7
34. Bxe6 Rxe6 35. Bxh6 Ne5 36. Bxg7+ Kg8 37. Qh3 Nxg6 38. Bxf8 Rxf8 39. Nh6+
Kg7 40. Qxe6 1-0

[Event "Maikop University"]
[Site "Maikop"]
[Date "1998.06.03"]
[Round "3"]
[White "Zaitsev Vadim"]
[Black "Kiriakov Petr"]
[Result "1/2-1/2"]
[WhiteElo "2425"]
[BlackElo "2495"]
[PlyCount "85"]
[EventDate "1998.06.01"]

1. e4 e6 2. d4 d5 3. exd5 exd5 4. Nf3 Nf6 5. Bd3 Be7 6. O-O O-O 7. Bg5 Bg4 8.
Nbd2 Nbd7 9. c3 c5 10. Re1 c4 11. Bc2 Re8 12. b3 cxb3 13. axb3 Qc7 14. Re3 Bd6
15. Rxe8+ Rxe8 16. h3 Bh5 17. Qc1 a6 18. c4 Bf4 19. Bxf4 Qxf4 20. c5 Nb8 21. g3
Qc7 22. Ne5 Nc6 23. Nxc6 Qxc6 24. Nf1 Qe6 25. g4 Bg6 26. Bxg6 hxg6 27. Qf4 Qe2
28. Ng3 Qd3 29. Kg2 Qxb3 30. Qc1 Re7 31. Rb1 Qd3 32. c6 bxc6 33. Rb8+ Re8 34.
Rxe8+ Nxe8 35. Qxc6 Qb5 36. Qa8 Kh7 37. Qa7 Nd6 38. Qc7 Qb4 39. Qd8 f6 40. h4
Nb5 41. h5 Qxd4 42. hxg6+ Kxg6 43. Qe8+ 1/2-1/2

[Event "Maikop University"]
[Site "Maikop"]
[Date "1998.06.03"]
[Round "3"]
[White "Kupreichik Viktor D"]
[Black "Nevostrujev Vladimir"]
[Result "1/2-1/2"]
[WhiteElo "2505"]
[BlackElo "2410"]
[PlyCount "105"]
[EventDate "1998.06.01"]

1. c4 Nf6 2. g3 g6 3. Bg2 Bg7 4. Nc3 O-O 5. Nf3 d6 6. O-O e5 7. d4 exd4 8. Nxd4
Re8 9. h3 Nbd7 10. b3 Nc5 11. Bb2 c6 12. Qc2 a5 13. Rad1 Qb6 14. e3 a4 15. Kh2
axb3 16. axb3 Nfd7 17. Nce2 Na6 18. Ra1 Ndc5 19. Bc3 Nb4 20. Qd2 Rxa1 21. Rxa1
Nba6 22. b4 Ne4 23. Bxe4 Rxe4 24. b5 Nc5 25. Ba5 Qa7 26. Ra2 Re8 27. Bc7 Ne4
28. Rxa7 Nxd2 29. bxc6 bxc6 30. Bxd6 Nxc4 31. Be7 Ne5 32. Kg2 Bf8 33. Bxf8 Kxf8
34. Rc7 Ba6 35. Nc3 Rd8 36. f4 Rd7 37. Rxd7 Nxd7 38. Kf2 c5 39. Nb3 Ke7 40. e4
Bc4 41. Na5 Be6 42. g4 f6 43. Nb7 g5 44. f5 Bf7 45. Ke3 h5 46. Nd5+ Bxd5 47.
exd5 hxg4 48. d6+ Ke8 49. hxg4 Ne5 50. Nxc5 Nxg4+ 51. Kd4 Nh6 52. Kd5 Nxf5 53.
Ke6 1/2-1/2

[Event "Maikop University"]
[Site "Maikop"]
[Date "1998.06.03"]
[Round "3"]
[White "Gutov Andrey"]
[Black "Belozerov Andrei"]
[Result "0-1"]
[WhiteElo "2250"]
[BlackElo "2460"]
[PlyCount "56"]
[EventDate "1998.06.01"]

1. d4 Nf6 2. c4 e6 3. Nc3 Bb4 4. e3 b6 5. Bd3 Bb7 6. Nge2 Bxg2 7. Rg1 Bf3 8.
Qc2 Nh5 9. Be4 Bxe4 10. Qxe4 Nc6 11. Qg4 g6 12. e4 e5 13. Bg5 f6 14. Be3 exd4
15. Bxd4 Nxd4 16. Nxd4 Bxc3+ 17. bxc3 Qe7 18. O-O-O Qf7 19. Qf3 c6 20. Nxc6
dxc6 21. e5 Qxc4 22. Rd4 Qc5 23. Rd6 Rd8 24. Rxd8+ Kxd8 25. exf6 Rf8 26. Qd3+
Kc7 27. f7 Rxf7 28. Qa6 Qxc3+ 0-1